| 000 | 01238na a2200349 4500 | ||
|---|---|---|---|
| 001 | 22008 | ||
| 003 | MIRAKIL | ||
| 005 | 20181226092846.0 | ||
| 008 | 170210b tu n0 0 0 | ||
| 022 | _a1302-8251 | ||
| 035 | _a22008 | ||
| 040 |
_aMilas _btur _cTR-AnCHP |
||
| 041 | _atur | ||
| 090 | _aHALKEVLERİ 050 DER 65 | ||
| 245 |
_aİstanbul _bkültür dergisi _bİstanbul Halkevleri Dergisi _c[İstanbul Halkevleri] |
||
| 246 | _aİstanbul Halkevleri Dergisi | ||
| 246 | _aİstanbul kültür dergisi | ||
| 260 |
_aİstanbul _bİstanbul Halkevi _c1943- |
||
| 300 |
_ac. _bres. _c30 sm. |
||
| 310 |
_aÜç ayda bir _b(1948- |
||
| 321 |
_aAylık _b1947 |
||
| 321 |
_a2 aylık _b1943-1946 |
||
| 362 | _acilt 1, sayı 10 (16 Nisan 1944) - | ||
| 500 | _aMevcut sayılar: (10) 15 Nisan 1944; (11) 1 Mayıs 1944; (23) 1 Kasım 1944; (27) 1 Ocak 1945; (35) 1 Mayıs 1945; (47) 1 Kasım 1945; (60) 15 Mayıs 1946; (32) 15 Haziran 1946 | ||
| 610 |
_aİstanbul Halkevleri _vSüreli yayınlar |
||
| 650 |
_aHalkevleri _vSüreli yayınlar _zİstanbul |
||
| 651 |
_aTürkiye _xSiyaset ve yönetim _ySüreli yayınlar |
||
| 655 | _aDergi | ||
| 710 | _aİstanbul Halkevleri | ||
| 910 | _aHalkevleri DERGİ 65 | ||
| 942 |
_2ddc _cSER |
||
| 999 |
_c11485 _d11485 |
||